00365 a2200109 4500001001000000005001700010008004100027245004600068100002100114773010300135999001700238ART_3966820260410162012.0260409a 10aA propósito de la división de poderes1 aCynowiec, Marcos0 tPropuestas para la sociedad, el gobierno y la produccióng- Año 5, Nº 9 (nov. 2001)wREV39547 c32296d32296